[Event "It (cat.8)"]
[Site "Perm (Russia)"]
[Date "2007.06.14"]
[Round "3"]
[White "Varavin Viktor (RUS)"]
[Black "Letov Alexander (RUS)"]
[Result "0-1"]
[WhiteElo "2432"]
[BlackElo "2333"]
[PlyCount "90"]
[EventDate "2007.??.??"]
[Source "www.chesslib.no"]
[SourceDate "2004.05.04"]

1. e4 e5 2. Bc4 Nc6 3. Nc3 Bc5 4. Qg4 Kf8 5. Qf3 Nf6 6. Nge2 d6 7. d3 h6 8. h3 Be6 9. Bxe6 fxe6 10. Na4 Bb6 11. O-O Ke7 12. Qg3 g5 13. Nxb6 axb6 14. Bd2 Qe8 15. c4 Rg8 16. Qe3 Qg6 17. f3 Nh5 18. d4 exd4 19. Nxd4 Nxd4 20. Qxd4 e5 21. Qd5 Ra7 22. Be3 Nf4 23. Qd2 Ne6 24. a4 h5 25. b3 Raa8 26. Rae1 Raf8 27. Qd5 g4 28. fxg4 hxg4 29. h4 g3 30. b4 Qg4 31. c5 Qxh4 32. cxd6+ cxd6 33. Qxb7+ Ke8 34. Rf5 Rxf5 35. exf5 Rh8 36. Qc6+ Ke7 37. Kf1 Qxb4 38. Ke2 Nd4+ 39. Bxd4 Qxd4 40. Rd1 Qf2+ 41. Kd3 Qxf5+ 42. Kd2 Rc8 43. Qb7+ Ke8 44. Qd5 Rc2+ 45. Ke3 Rc3+ 0-1

[Event "Pardubice Czech op"]
[Site "Pardubice"]
[Date "2001.07.21"]
[Round "2"]
[White "Jonker, Marc"]
[Black "Plachetka, Jan"]
[Result "1/2-1/2"]
[WhiteElo "2317"]
[BlackElo "2443"]
[PlyCount "99"]
[EventDate "2001.07.20"]
[Source "ChessBase"]
[SourceDate "2001.09.11"]

1. e4 e5 2. Nc3 Bc5 3. g3 d6 4. Na4 Nf6 5. Bg2 Nc6 6. Ne2 Be6 7. d3 h6 8. h3 Bb4+ 9. c3 Ba5 10. b4 Bb6 11. Nxb6 axb6 12. b5 Ne7 13. c4 Nd7 14. f4 f5 15. exf5 Bxf5 16. g4 Bh7 17. O-O Nc5 18. f5 O-O 19. d4 exd4 20. Qxd4 Nd7 21. Nf4 Qc8 22. Nd5 Nxd5 23. Bxd5+ Kh8 24. Bxh6 Ne5 25. Bf4 Ra3 26. Bxe5 dxe5 27. Qxe5 Rxh3 28. Kg2 Rh4 29. Qg3 Qd8 30. f6 g5 31. f7 Bg6 32. Rae1 c6 33. bxc6 bxc6 34. Qc3+ Kh7 35. Be6 Qd6 36. Rh1 Qf4 37. Rxh4+ gxh4 38. Qe3 Qxe3 39. Rxe3 Kg7 40. Kh3 Bxf7 41. Bxf7 Rxf7 42. Re6 c5 43. Rxb6 Rf4 44. Kxh4 Rxc4 45. Kg5 Rd4 46. Rb7+ Kg8 47. Rb2 c4 48. Kf5 c3 49. Rg2 Rb4 50. Rc2 1/2-1/2

[Event "Besancon FRA"]
[Site "?"]
[Date "2001.04.27"]
[Round "7"]
[White "Sermier Guillaume"]
[Black "Costa Jean Luc"]
[Result "0-1"]
[WhiteElo "2401"]
[BlackElo "2359"]
[PlyCount "126"]
[EventDate "2001.??.??"]
[Source "www.chesslib.no"]
[SourceDate "2004.05.04"]

1. e4 e5 2. Nc3 Bc5 3. Nf3 d6 4. d4 exd4 5. Nxd4 Nf6 6. Nb3 Bb4 7. Bd3 Bxc3+ 8. bxc3 O-O 9. O-O Re8 10. Re1 Nbd7 11. f4 b6 12. e5 dxe5 13. fxe5 Nxe5 14. Rxe5 Rxe5 15. Bxh7+ Kxh7 16. Qxd8 Re1+ 17. Kf2 Re2+ 18. Kf1 Ba6 19. Qxa8 Re8+ 20. Kg1 Rxa8 21. a4 Ne4 22. Bb2 Rd8 23. a5 c5 24. axb6 axb6 25. h3 Bc4 26. Re1 f5 27. Kh2 g5 28. Bc1 Kg6 29. g4 Rd6 30. gxf5+ Kxf5 31. Rg1 Bxb3 32. cxb3 Rd3 33. Rf1+ Kg6 34. Re1 Kf5 35. Rf1+ Ke5 36. Rg1 Kf6 37. Rf1+ Ke6 38. Re1 Kd5 39. c4+ Ke5 40. Bxg5 Kf5 41. h4 Nxg5 42. hxg5 Kxg5 43. Rb1 Kf4 44. b4 Ke3 45. bxc5 bxc5 46. Kg2 Kd4 47. Kf2 Kxc4 48. Ke2 Kd4 49. Ra1 c4 50. Rc1 c3 51. Rg1 Kc4 52. Rg8 Rd6 53. Rb8 c2 54. Rc8+ Kb3 55. Rb8+ Kc3 56. Rc8+ Kb2 57. Rb8+ Ka1 58. Rc8 Kb1 59. Rb8+ Kc1 60. Rc8 Re6+ 61. Kf2 Re5 62. Rc7 Rb5 63. Ke2 Kb2 0-1

[Event "XI Festival"]
[Site "Voronezh RUS"]
[Date "2007.06.16"]
[Round "5"]
[White "Stukopin, A."]
[Black "Feoktistov, A."]
[Result "0-1"]
[WhiteElo "2307"]
[BlackElo "2449"]
[PlyCount "68"]
[EventDate "2007.06.12"]
[Source "www.chesslib.no"]
[SourceDate "2004.05.04"]

1. e4 Nc6 2. Nc3 e5 3. Bc4 Bc5 4. d3 a6 5. Qf3 Nf6 6. Nge2 O-O 7. a3 h6 8. O-O d6 9. h3 Be6 10. Nd5 Bxd5 11. exd5 e4 12. Qg3 Ne7 13. dxe4 Nxe4 14. Qd3 Nf6 15. b4 Ba7 16. Bb2 Ng6 17. Bb3 Re8 18. c4 Ne4 19. Bc2 Qg5 20. Bc1 Nxf2 21. Qf3 Nh4 22. Bxg5 Nxf3+ 23. gxf3 Rxe2 24. Bh4 Nxh3+ 25. Kh1 Rxc2 26. c5 dxc5 27. Bg3 cxb4 28. Rac1 Rxc1 29. Rxc1 bxa3 30. Bxc7 Bd4 31. Kh2 Ng5 32. Rc2 Nxf3+ 33. Kg3 Ng5 34. d6 Ne6 0-1

[Event "St Petersburg vs Moscow"]
[Site "?"]
[Date "2005.06.14"]
[Round "1"]
[White "Khavsky Sergey V"]
[Black "Bukhtin Vladimir S"]
[Result "1/2-1/2"]
[WhiteElo "2339"]
[BlackElo "2416"]
[PlyCount "20"]
[EventDate "2005.??.??"]
[Source "www.chesslib.no"]
[SourceDate "2004.05.04"]

1. e4 e5 2. Nc3 d6 3. d4 c6 4. dxe5 dxe5 5. Qxd8+ Kxd8 6. Bc4 f6 7. f4 Nd7 8. Nf3 Bd6 9. f5 b5 10. Be2 Ke7 1/2-1/2

[Event "Corfu Open"]
[Site "Corfu GRE"]
[Date "1991.??.??"]
[Round "4"]
[White "Djuric, Stefan"]
[Black "Stojanovski, Kiril"]
[Result "1-0"]
[WhiteElo "2540"]
[BlackElo "2210"]
[PlyCount "96"]
[EventDate "1991.08.??"]
[Source "www.chesslib.no"]
[SourceDate "2004.05.04"]

1. e4 e5 2. Nc3 d6 3. Bc4 Nc6 4. f4 exf4 5. d4 Qh4+ 6. Kf1 g5 7. Nf3 Qh5 8. Nd5 Kd8 9. h4 Bg7 10. Be2 Bg4 11. Nxg5 Bxe2+ 12. Qxe2 Qxe2+ 13. Kxe2 Nxd4+ 14. Kd3 Nh6 15. Bxf4 Ne6 16. Rhf1 Nc5+ 17. Ke2 Re8 18. Kf3 Bxb2 19. Rad1 Be5 20. Be3 Ne6 21. Nxh7 Ng8 22. Kg4 c6 23. Rxf7 cxd5 24. exd5 Nc5 25. Bg5+ Kc8 26. Rdf1 Nd7 27. h5 b6 28. h6 Bh8 29. Kh5 Ne5 30. Nf8 Nxf7 31. Rxf7 Nxh6 32. Kxh6 Re2 33. Ng6 Bc3 34. Bf4 Bd2 35. Bxd2 Rxd2 36. g4 Rh2+ 37. Kg5 b5 38. Kf5 Rxc2 39. Ke6 a5 40. Nf4 Rc7 41. Rf5 Rg7 42. Kxd6 b4 43. Ne6 Rg8 44. Rf4 Rb8 45. Kc6 Rb7 46. d6 Rh7 47. g5 Re8 48. g6 Ra7 1-0

[Event "Tch-AUT"]
[Site "?"]
[Date "2000.??.??"]
[Round "?"]
[White "Posch, W."]
[Black "Teske, H."]
[Result "0-1"]
[WhiteElo "2280"]
[BlackElo "2465"]
[PlyCount "86"]
[EventDate "2000.??.??"]
[Source "www.chesslib.no"]
[SourceDate "2004.05.04"]

1. e4 Nc6 2. Nc3 e5 3. Bc4 Bc5 4. Nf3 d6 5. d3 Bg4 6. h3 Bh5 7. g4 Bg6 8. Bg5 Qd7 9. Nh4 f6 10. Be3 Bf7 11. Qd2 Nd4 12. Bxd4 Bxd4 13. Nf5 O-O-O 14. O-O-O Bb6 15. Nd5 Bxd5 16. Bxd5 g6 17. Ne3 Ne7 18. Bb3 f5 19. gxf5 gxf5 20. exf5 Nxf5 21. Nd5 Nd4 22. f4 exf4 23. Nxf4 Rhf8 24. Nd5 Bc5 25. Kb1 Rf5 26. Qg2 Nxb3 27. axb3 Qf7 28. Nc3 Rg8 29. Qe4 d5 30. Qa4 a6 31. d4 Bd6 32. b4 c6 33. Qa5 Qc7 34. Qa4 Qb6 35. b5 axb5 36. Qa8+ Bb8 37. Rhg1 Rff8 38. Qa3 b4 39. Qb3 Rxg1 40. Rxg1 Qxd4 41. Rg4 Rf1+ 42. Ka2 Bf4 43. Qa4 Qc4+ 0-1

[Event "UKR ol"]
[Site "Alushta"]
[Date "1999.??.??"]
[Round "?"]
[White "Krivolapov, Konstantin"]
[Black "Bodnar, Nikolay"]
[Result "1-0"]
[WhiteElo "2398"]
[BlackElo "2345"]
[PlyCount "109"]
[EventDate "1999.05.12"]
[Source "www.chesslib.no"]
[SourceDate "2004.05.04"]

1. e4 e5 2. Bc4 Nc6 3. Nc3 Bc5 4. Qg4 g6 5. Qf3 Nf6 6. Nge2 d6 7. d3 Bg4 8. Qg3 Qd7 9. h3 Bxe2 10. Nxe2 O-O-O 11. Bg5 Nh5 12. Qg4 Rdf8 13. Qxd7+ Kxd7 14. Bh6 Rb8 15. Bxf7 Nd8 16. Bb3 Ne6 17. g3 Rhg8 18. f4 Rge8 19. f5 Nd4 20. Nxd4 Bxd4 21. g4 Nf4 22. c3 Be3 23. g5 gxf5 24. exf5 d5 25. Rf1 c6 26. Rf3 Bc5 27. O-O-O Bf8 28. Bxf8 Rxf8 29. f6 h6 30. h4 hxg5 31. hxg5 Rg8 32. d4 Rxg5 33. dxe5 Ng6 34. c4 Nxe5 35. Rff1 Kd6 36. cxd5 c5 37. f7 Rf8 38. Rf6+ Ke7 39. Rdf1 c4 40. Bc2 Rxf7 41. d6+ Ke8 42. Ba4+ b5 43. Bxb5+ Kd8 44. Rxf7 Nxf7 45. Rxf7 Rxb5 46. Rxa7 Rd5 47. d7 Rh5 48. Kc2 Rh3 49. a4 Rb3 50. a5 Rb5 51. a6 Ra5 52. Kc3 Ra4 53. Kd4 Ra2 54. Kxc4 Rxb2 55. Rb7 1-0

[Event "Lost Boys op"]
[Site "Amsterdam"]
[Date "2002.07.29"]
[Round "4"]
[White "Wustefeld, Emile"]
[Black "Shirazi, Kamran G"]
[Result "0-1"]
[WhiteElo "2295"]
[BlackElo "2448"]
[PlyCount "86"]
[EventDate "2002.07.26"]
[Source "ChessBase"]
[SourceDate "2002.09.11"]

1. e4 e5 2. Nc3 Bb4 3. Bc4 Nf6 4. f4 exf4 5. Nf3 Qe7 6. Qe2 Bxc3 7. dxc3 Nxe4 8. Bxf4 c6 9. O-O-O d5 10. Rhe1 O-O 11. Bd3 Bf5 12. Nd2 Qe6 13. Nxe4 dxe4 14. Bxe4 Bg4 15. Bf3 Bxf3 16. gxf3 Qxa2 17. Bd6 Nd7 18. Bxf8 Nxf8 19. Qe7 Qa1+ 20. Kd2 Qxb2 21. Rb1 Qa2 22. Rxb7 Qd5+ 23. Ke3 Ng6 24. Qe4 Qd6 25. Re2 Nf4 26. Qxf4 Re8+ 27. Qe4 Rxe4+ 28. fxe4 g5 29. Rd2 Qf4+ 30. Kd3 c5 31. Rd7 a5 32. Rd5 Qf1+ 33. Ke3 Qh3+ 34. Ke2 g4 35. Ke1 c4 36. e5 Qe3+ 37. Re2 Qxc3+ 38. Kd1 Qa1+ 39. Kd2 c3+ 40. Ke3 Qg1+ 41. Rf2 Qe1+ 42. Re2 Qh1 43. Rd4 Qf3# 0-1

[Event "ITA-ch46"]
[Site "Cesenatico ITA"]
[Date "1986.??.??"]
[Round "9"]
[White "Bellini, Fabio"]
[Black "Belotti, Bruno"]
[Result "0-1"]
[WhiteElo "2380"]
[BlackElo "2355"]
[PlyCount "68"]
[EventDate "1986.??.??"]
[Source "www.chesslib.no"]
[SourceDate "2004.05.04"]

1. e4 e5 2. Nc3 Bc5 3. Nf3 d6 4. d4 exd4 5. Nxd4 Nf6 6. Bg5 h6 7. Bh4 Nc6 8. Nb3 Bb4 9. Bd3 Bxc3+ 10. bxc3 g5 11. Bg3 Qe7 12. O-O Bd7 13. c4 O-O-O 14. f3 h5 15. c5 d5 16. e5 Ne8 17. Re1 Ng7 18. Bf1 Nf5 19. Bf2 d4 20. Qd2 g4 21. f4 h4 22. Bxd4 Ncxd4 23. Nxd4 Qxc5 24. c3 h3 25. Rab1 Bc6 26. Red1 g3 27. gxh3 Rhg8 28. hxg3 Nh4 29. Qe3 Nf5 30. Nxf5 Rxg3+ 31. Kf2 Rf3+ 32. Ke2 Qc4+ 33. Rd3 Rxe3+ 34. Kxe3 Qe4+ 0-1

[Event "Najdorf final KO"]
[Site "Buenos Aires"]
[Date "2000.09.10"]
[Round "1.2"]
[White "Moreda, Lucas"]
[Black "Bianchi, Guillermo"]
[Result "1/2-1/2"]
[WhiteElo "2309"]
[BlackElo "2425"]
[PlyCount "57"]
[EventDate "2000.09.09"]
[Source "ChessBase"]
[SourceDate "2000.11.21"]

1. e4 e5 2. Nc3 Bc5 3. g3 d6 4. Bg2 a6 5. Nge2 Nc6 6. O-O h5 7. h3 Nge7 8. Nd5 Nd4 9. Nxd4 Bxd4 10. c3 Ba7 11. d4 c6 12. Ne3 Be6 13. f4 exf4 14. gxf4 f6 15. Kh2 Qc7 16. d5 cxd5 17. Nxd5 Nxd5 18. exd5 Bf5 19. Re1+ Kf7 20. Be3 Bxe3 21. Rxe3 Qb6 22. Qd2 Rae8 23. Rae1 g6 24. Be4 Bd7 25. Bxg6+ Kxg6 26. Re7 Rxe7 27. Rxe7 Rh7 28. f5+ Bxf5 29. Qg2+ 1/2-1/2

[Event "Wch U20 Girls 19th"]
[Site "?"]
[Date "2002.12.10"]
[Round "2"]
[White "Matras Agnieszka"]
[Black "Koneru Humpy"]
[Result "0-1"]
[WhiteElo "2247"]
[BlackElo "2484"]
[PlyCount "86"]
[EventDate "2002.??.??"]
[Source "www.chesslib.no"]
[SourceDate "2004.05.04"]

1. e4 e5 2. Nc3 Bc5 3. Nf3 d6 4. d4 exd4 5. Nxd4 Ne7 6. Bc4 O-O 7. Be3 a6 8. a4 Bb4 9. O-O Bxc3 10. bxc3 Nbc6 11. Rb1 Bd7 12. Bb3 Qe8 13. f4 Nf5 14. Nxf5 Bxf5 15. exf5 Qxe3+ 16. Kh1 Qxc3 17. Bd5 Rab8 18. g4 Nb4 19. f6 Nxd5 20. fxg7 Rfe8 21. Qxd5 Re2 22. Rb3 Qxc2 23. Rh3 Qe4+ 24. Qxe4 Rxe4 25. f5 Kxg7 26. f6+ Kh8 27. g5 Rbe8 28. Rb3 b6 29. Rc3 c5 30. Rb3 Rb4 31. Rd3 Re6 32. Rfd1 h6 33. gxh6 Rxa4 34. h7 Rxf6 35. Rh3 Raf4 36. Kg1 Rg4+ 37. Kh1 Rg7 38. Ra3 a5 39. Rad3 Rgg6 40. Rh3 d5 41. Re1 Rh6 42. Rg3 Kxh7 43. Reg1 Rfg6 0-1

[Event "Lima PER"]
[Site "?"]
[Date "2006.04.03"]
[Round "5"]
[White "Oblitas Guerrero Carlomagno"]
[Black "Nina Miguel"]
[Result "1-0"]
[WhiteElo "2398"]
[BlackElo "2333"]
[PlyCount "97"]
[EventDate "2006.??.??"]
[Source "www.chesslib.no"]
[SourceDate "2004.05.04"]

1. e4 e5 2. Bc4 Nc6 3. Nc3 Bc5 4. Qg4 g6 5. Qf3 Nf6 6. Nge2 d6 7. d3 h6 8. Nd5 Nxd5 9. Bxd5 Qe7 10. c3 Bb6 11. a4 a5 12. Be3 Bxe3 13. Qxe3 Be6 14. O-O g5 15. Rae1 f6 16. Ng3 Qf7 17. Bxe6 Qxe6 18. Nf5 Qd7 19. d4 Ne7 20. Nxe7 Kxe7 21. b3 Kf7 22. Rd1 Kg6 23. Qd3 Qf7 24. Qc2 Qd7 25. g3 Rag8 26. f4 exf4 27. gxf4 Kf7 28. Kh1 g4 29. e5 g3 30. Qg2 gxh2 31. Qd5+ Kf8 32. e6 Qc6 33. c4 Rg3 34. Kxh2 Rhg8 35. Rg1 Qxd5 36. cxd5 Rxg1 37. Rxg1 Rxg1 38. Kxg1 f5 39. Kf2 Ke7 40. Kg3 c6 41. Kh4 cxd5 42. Kh5 Kxe6 43. Kxh6 Kf7 44. Kg5 Ke7 45. Kxf5 Kf7 46. Kg5 Kg7 47. f5 Kf7 48. f6 Kf8 49. Kg6 1-0

[Event "Chess Summer IM"]
[Site "Aarhus"]
[Date "2003.07.29"]
[Round "3"]
[White "Bae, Torstein"]
[Black "Pedersen, Daniel V"]
[Result "0-1"]
[WhiteElo "2366"]
[BlackElo "2360"]
[PlyCount "46"]
[EventDate "2003.07.27"]
[Source "Roberto Alvarez"]
[SourceDate "2003.08.04"]

1. e4 e5 2. f4 Nc6 3. Nc3 exf4 4. Nf3 g5 5. h4 g4 6. Ng5 h6 7. Nxf7 Kxf7 8. Bc4+ d5 9. Bxd5+ Kg7 10. d4 Bd6 11. Bb3 f3 12. Kf2 Qf6 13. e5 g3+ 14. Ke1 Bxe5 15. dxe5 Nxe5 16. Qd2 fxg2 17. Qxg2 Nf3+ 18. Kd1 Bg4 19. Qxg3 Qd4+ 20. Ke2 Nh2+ 21. Ke1 Re8+ 22. Be3 Rxe3+ 23. Qxe3 Qxe3+ 0-1